Estadísticas para Mapa de África Pixelada

Haz click aquí para tomar la prueba!

Estadísticas generales

  • Esta prueba ha sido tomada 658 veces
  • La puntuación promedio es 222 de 246

Estadísticas de respuestas

País % Correcto
Madagascar
97%
Egipto
97%
Egipto
97%
Egipto
97%
Egipto
97%
Egipto
97%
Egipto
97%
Madagascar
97%
Egipto
97%
Egipto
97%
Egipto
97%
Egipto
97%
Madagascar
97%
Madagascar
97%
Madagascar
97%
Madagascar
97%
Madagascar
97%
República Democrática del Congo
96%
Libia
96%
Libia
96%
Libia
96%
Libia
96%
Libia
96%
República Democrática del Congo
96%
República Democrática del Congo
96%
República Democrática del Congo
96%
Sudáfrica
96%
República Democrática del Congo
96%
Libia
96%
República Democrática del Congo
96%
República Democrática del Congo
96%
República Democrática del Congo
96%
República Democrática del Congo
96%
República Democrática del Congo
96%
República Democrática del Congo
96%
República Democrática del Congo
96%
Libia
96%
Libia
96%
Libia
96%
Sudáfrica
96%
Marruecos
96%
Marruecos
96%
Marruecos
96%
Marruecos
96%
Marruecos
96%
Marruecos
96%
Sudáfrica
96%
Sudáfrica
96%
Libia
96%
Sudáfrica
96%
Sudáfrica
96%
Sudáfrica
96%
Libia
96%
Libia
96%
Libia
96%
Libia
96%
República Democrática del Congo
96%
República Democrática del Congo
96%
Marruecos
96%
República Democrática del Congo
96%
República Democrática del Congo
96%
Sudáfrica
96%
Sudáfrica
96%
Sudáfrica
96%
Sudáfrica
96%
República Democrática del Congo
96%
República Democrática del Congo
96%
República del Congo
95%
República del Congo
95%
República del Congo
95%
Argelia
94%
Argelia
94%
Argelia
94%
Argelia
94%
Somalia
94%
Argelia
94%
Argelia
94%
Argelia
94%
Argelia
94%
Argelia
94%
Argelia
94%
Argelia
94%
Argelia
94%
Argelia
94%
Argelia
94%
Argelia
94%
Argelia
94%
Argelia
94%
Argelia
94%
Argelia
94%
Somalia
94%
Somalia
94%
Somalia
94%
Argelia
94%
Argelia
94%
Somalia
94%
Níger
94%
Níger
94%
Níger
94%
Níger
94%
Níger
94%
Níger
94%
Níger
94%
Níger
94%
Níger
94%
Etiopía
93%
Sudán
93%
Sudán
93%
Sudán
93%
Sudán
93%
Sudán
93%
Sudán
93%
Sudán
93%
Sudán
93%
Sudán
93%
Sudán
93%
Etiopía
93%
Sudán
93%
Sudán
93%
Sudán
93%
Etiopía
93%
Etiopía
93%
Etiopía
93%
Túnez
93%
Túnez
93%
Etiopía
93%
Etiopía
93%
Etiopía
93%
Etiopía
93%
Etiopía
93%
Etiopía
93%
Nigeria
91%
Chad
91%
Chad
91%
Chad
91%
Chad
91%
Chad
91%
Chad
91%
Nigeria
91%
Nigeria
91%
Nigeria
91%
Nigeria
91%
Nigeria
91%
Chad
91%
Chad
91%
Chad
91%
Nigeria
91%
Chad
91%
Chad
91%
Kenia
91%
Kenia
91%
Angola
90%
Angola
90%
Angola
90%
Angola
90%
Angola
90%
Angola
90%
Angola
90%
Angola
90%
Angola
90%
Mozambique
89%
Mozambique
89%
Mozambique
89%
Mozambique
89%
Mozambique
89%
Malí
88%
Malí
88%
Malí
88%
Malí
88%
Malí
88%
Malí
88%
Malí
88%
Malí
88%
Malí
88%
Tanzania
88%
Tanzania
88%
Tanzania
88%
Tanzania
88%
Tanzania
88%
Tanzania
88%
Tanzania
88%
Tanzania
88%
Tanzania
88%
Malí
88%
Mauritania
86%
Guinea
86%
Guinea
86%
Mauritania
86%
Mauritania
86%
Mauritania
86%
Mauritania
86%
Mauritania
86%
Mauritania
86%
Mauritania
86%
Eritrea
86%
Senegal
85%
Senegal
85%
Senegal
85%
Namibia
84%
Namibia
84%
Namibia
84%
Namibia
84%
Sudán del Sur
84%
Sudán del Sur
84%
Sudán del Sur
84%
Namibia
84%
Sudán del Sur
84%
Namibia
84%
Namibia
84%
Namibia
84%
Uganda
83%
Uganda
83%
Uganda
83%
República Centroafricana
82%
Zambia
82%
Zambia
82%
Zambia
82%
Zambia
82%
Zambia
82%
República Centroafricana
82%
Botsuana
82%
República Centroafricana
82%
República Centroafricana
82%
Botsuana
82%
Botsuana
82%
Zambia
82%
Botsuana
82%
Camerún
81%
Camerún
81%
Camerún
81%
Zimbabue
79%
Zimbabue
79%
Zimbabue
79%
Ghana
79%
Ghana
79%
Zimbabue
79%
Costa de Marfil
77%
Costa de Marfil
77%
Gabón
74%
Gabón
74%
Gabón
74%
Burkina Faso
73%
Benín
72%
Benín
72%
Malaui
71%
Liberia
71%

Distribución de puntuación

Porcentaje por número respondido

Porcentaje de gente con cada puntuación

Historial de tus puntuaciones

No has tomado esta prueba